Normal view MARC view

Entry Nombre personal

Number of records used in: 2

001 - NÚMERO DE CONTROL

  • campo de control: 240302

003 - IDENTIFICADOR DE NÚMERO DE CONTROL

  • campo de control: SpMaBN

005 - FECHA Y HORA DE LA ÚLTIMA TRANSACCIÓN

  • campo de control: 20250509175755.0

008 - ELEMENTOS DE DATO DE LONGITUD-FIJA

  • campo de control de longitud fija: 210715n| azznnaabn |n aac

040 ## - FUENTE DE CATALOGACIÓN

  • Centro catalogador/agencia de origen: SpMaBN
  • Lengua de catalogación: spa
  • Centro/agencia transcriptor: SpMaBN
  • Normas de descripción: rdc
  • Convención/Normas de encabezamiento de materia/tesauro: embne

046 ## - FECHAS CON CODIFICACIÓN ESPECIAL

  • Fecha de nacimiento: 1987

100 1# - ENCABEZAMIENTO-NOMBRE DE PERSONA

  • Nombre de persona: Broullón, Manuel,
  • Fechas asociadas al nombre: 1987-

370 ## - LUGAR ASOCIADO

  • Lugar de nacimiento: España, Andalucía, Cádiz (Provincia), Cádiz
  • Fuente del término: embne

375 ## - GÉNERO/SEXO

  • Género: Masculino

377 ## - IDIOMA ASOCIADO

  • Término de lengua/lenguaje: Español

670 ## - FUENTE DE DATOS ENCONTRADOS

  • Cita de la fuente: La tonalidad precisa del rojo, 2021
  • Información encontrada: portada (Manuel Broullón) solapa (nacido en 1987 en Cádiz; doctor en Comunicación, Literatura, Ética y Estética)